El Soroll com a contaminant en àrees urbanes /
Descripción Física:
12 pàgs. ; il. b/n ; 29 cm.
Colección:
Arrel : revista editada per la Diputació de Barcelona
; Núm. 19 (desembre, 1987) ; pàgs. 119-130
Otros Autores:
Casas, Xavier
MARC
| LEADER | 00000nab a2200000 a 4500 | ||
|---|---|---|---|
| 001 | 10258 | ||
| 003 | Arxiu | ||
| 005 | 20260326124741.0 | ||
| 008 | 160829s9999 xx 000 0 cat d | ||
| 100 | |a Rueda, Salvador |9 46020 | ||
| 245 | |a El Soroll com a contaminant en àrees urbanes / |c Salvador Rueda ; Xavier Casas | ||
| 260 | |a Barcelona : |b Diputació de Barcelona ; |c 1987 | ||
| 300 | |a 12 pàgs. ; |b il. b/n ; |c 29 cm. | ||
| 490 | |a Arrel : revista editada per la Diputació de Barcelona ; |v Núm. 19 (desembre, 1987) ; pàgs. 119-130 |x 0211-562X | ||
| 650 | |a Ecologia |x Catalunya |9 44880 | ||
| 650 | |a Medi ambient |x Catalunya |9 44884 | ||
| 650 | |a Contaminació acústica |x Catalunya |9 46021 | ||
| 700 | |a Casas, Xavier |9 46022 | ||
| 856 | 4 | |u https://media.diba.cat/diba/fitxers/arxiu/hemeroteca/arrel/10258/bib_10258_1987_n03_a20_baixa.pdf |y Accés lliure | |
| 901 | |a Arxiu | ||
| 942 | |n 1 |2 udc |c Articles de revista | ||
| 952 | |0 0 |1 0 |2 udc |4 0 |6 REV95 |7 1 |9 52932 |a Arxiu |b Arxiu |d 2016-12-01 |o Rev-95 |r 2016-12-01 00:00:00 |w 2016-12-01 |y ARXIU | ||
| 999 | |c 56781 |d 56781 | ||
| 900 | |a bib_10258_1987_n03_a20_baixa.pdf | ||